000 00816nam a2200229 i 4500
001 189291
003 SpMaBN
005 20230906223435.0
008 190521s1972 sp |||| | spa d
080 _a226.1.07
100 1 _aTroadec, Henry.
_9111471
245 1 0 _aComentario a los evangelios sinópticos /
_cHenry Troadec ; [traducción española, Constantino Ruiz-Garrido, José María Bernáldez Montalvo].
260 _aMadrid :
_bFax,
_c[1972]
300 _aXXVII, 589 p. ;
_c23 cm.
490 1 _aActualidad bíblica ;
_v17
630 0 7 _aBiblia.
_pN.T.
_pEvangelios-
_vComentarios.
_9165796
700 1 _aRuiz-Garrido, Constantino.
_9100816
700 1 _aBernáldez Montalvo, José María.
_9153063
830 0 _aActualidad bíblica ;
_v17
_9193281
852 _aES-MaACL
_jJ-9(16)
999 _c189291
_d189291